| 000 | 00882nam a22002177a 4500 | ||
|---|---|---|---|
| 999 |
_c2746 _d2746 |
||
| 003 | AR-CdUCM | ||
| 008 | 190305b ||||| |||| 00| 0 spa d | ||
| 040 |
_aMUNICIPALIDAD PROVINCIAL DEL CUSCO _cBIBLIOTECA MUNICIPAL DEL CUSCO |
||
| 041 | _hger | ||
| 082 |
_a809 / _bJ89 |
||
| 100 |
_aJünemann, Guillermo _99589 |
||
| 245 |
_aAntología universal : _bde los mayores genios literarios / |
||
| 260 |
_aAlemania : _b[Tipografía de B. Herder], _c[1910]. |
||
| 300 |
_aX, 531 páginas ; _c22 cm. |
||
| 505 | _aContenido: Literatura hebrea -- Literatura griega -- Literatura latina -- Himnología medieval -- Literatura española -- Literatura portuguesa -- Literatura Francesa -- Literatura italiana ... | ||
| 650 |
_aLiteratura - Historia _99590 |
||
| 650 |
_aLiteratura - Evolución _99591 |
||
| 650 |
_aLiteratura - Crítica _99592 |
||
| 942 |
_2ddc _cLIBROS |
||
| 945 | _alccs | ||